University Home | Library Home | Institutional Repository

The State of World Fisheries and Aquaculture 2010 (Record no. 116760)

MARC details
000 -LEADER
fixed length control field 00539cam a2200169 4500
008 - FIXED-LENGTH DATA ELEMENTS--GENERAL INFORMATION
fixed length control field 120209n 000 0 eng u
020 ## - INTERNATIONAL STANDARD BOOK NUMBER
International Standard Book Number 9789251066751
035 ## - SYSTEM CONTROL NUMBER
System control number (Sirsi) a175463
050 ## - LIBRARY OF CONGRESS CALL NUMBER
Classification number FAO SH1.S85:
Item number STA 2010
245 ## - TITLE STATEMENT
Title The State of World Fisheries and Aquaculture 2010
260 ## - PUBLICATION, DISTRIBUTION, ETC.
Place of publication, distribution, etc. Rome:
Name of publisher, distributor, etc. Food and Agriculture Organisation,
Date of publication, distribution, etc. 2010
300 ## - PHYSICAL DESCRIPTION
Extent xv,197p.:
Other physical details ill.
504 ## - BIBLIOGRAPHY, ETC. NOTE
Bibliography, etc. note Includes bibliographical references and index
650 ## - SUBJECT ADDED ENTRY--TOPICAL TERM
Topical term or geographic name entry element Fisheries
650 ## - SUBJECT ADDED ENTRY--TOPICAL TERM
Topical term or geographic name entry element Aquaculture
710 ## - ADDED ENTRY--CORPORATE NAME
Corporate name or jurisdiction name as entry element Food and Agriculture Organisation
Holdings
Withdrawn status Lost status Source of classification or shelving scheme Damaged status Not for loan Home library Current library Shelving location Cost, normal purchase price Total Checkouts Full call number Barcode Date last seen Copy number Price effective from Koha item type
    Library of Congress Classification     Main Library Main Library Special collections 0.00   FAO SH1.S85 STA 2010 33729005461459 08/21/2019 1 08/21/2019 Book
© 2026 - The University of Zambia Library - Koha v25.11